| 000 | 01823cam a22004335a 4500 | ||
|---|---|---|---|
| 001 | e158815 | ||
| 008 | 100119s2009 xxko f 001 0 eng d | ||
| 020 | _a9781900915526 | ||
| 035 | _a(Sirsi) u158815 | ||
| 041 | 0 | _aeng | |
| 050 | 0 | 4 | _a690.241 $2 18 |
| 110 | 2 |
_aCathedral Communications Limited _93087 |
|
| 245 | 0 | 0 |
_aHistoric churches _bthe conservation and repair of ecclesiastical buildings |
| 250 | _a16th ed. | ||
| 260 |
_aTisbury _bCathedral Communications _c2009 |
||
| 300 |
_a56p. _bcol. ill. _c30cm. |
||
| 490 | 0 | _aBuilding Conservation Directory Special Report | |
| 505 | 2 | _aThe urban church-- Low carbon lighting of cathedrals -- Caring for our communities -- Church leadwork -- In the footsteps of Ar Powys -- Protection -- Informing the re-ordering debate -- Early joinery -- Environmental problems -- Holy Trinity -- Historic railings -- Shrinking the footprint -- Organ builders and restorers map -- Useful addresses -- Products and services -- Index of advertisers | |
| 520 | _aDiscusses issues, building techniques and materials relevant to the conservation and repair of churches. Includes a directory of useful organisations, products and services. | ||
| 521 | 2 | _aAdvanced | |
| 590 | _aKA | ||
| 651 | 4 |
_aUnited Kingdom _y |
|
| 690 | _aBUILT ENVIRONMENT-BUILDING MAINTENANCE AND REFURBISHMENT-BUILDING RESTORATION | ||
| 700 | 1 | _aEdwards, Andrew | |
| 700 | 1 | _aMorse, James | |
| 700 | 1 | _aMorrison, Ian | |
| 700 | 1 | _aRumley, Peter T. J. | |
| 700 | 1 | _aHumphries, Lynne | |
| 700 | 1 | _aMorrice, Richard | |
| 700 | 1 | _aTracy, Charles | |
| 700 | 1 | _aStevenson, Neil | |
| 700 | 1 | _aHutton, Tim | |
| 700 | 1 | _aMartin, Daniel | |
| 700 | 1 | _aClare, Stephen | |
| 700 | 1 | _aMeehan, Peter | |
| 700 | 1 | _aHarden, Rachel | |
| 710 | 2 |
_aBuilding Conservation Directory _93988 |
|
| 942 | _n0 | ||
| 999 |
_c115516 _d115516 |
||